ბათუმის შოთა რუსთაველის სახელმწიფო უნივერსიტეტის ბიბლიოთეკა

დიპლომატიური მეთოდის ევოლუცია / (ბიბ.ჩანაწერი № 58146)

000 -ლიდერი
ფიქსირებული სიგრძის საკონტროლო ველი 01309nam a22002417a 4500
003 - საკონტროლო ნომრის იდენტიფიკატორი
საკონტროლო ველი Ge_BSU
005 - ბოლო ოპერაციის თარიღი და დრო
საკონტროლო ველი 20210630134502.0
008 - ფიქსირებული სიგრძის მონაცემთა ელემენტები - ზოგადი ინფორმაცია
ფიქსირებული სიგრძის საკონტროლო ველი 210630s2021 ge ||||| |||| 00| 0 geo d
020 ## - წიგნის საერთაშორისო სტანდარტული ნომერი
International Standard Book Number 9789941830471
041 ## - ენის კოდი
Language code of text/sound track or separate title geo
080 ## - უნივერსალური ათობითი კლასიფიკაციის ინდექსი
Universal Decimal Classification number 327 ნ-64
100 ## - მთავარი ჩანაწერი - პიროვნების სახელი
Personal name ნიკოლსონი, ჰაროლდ
9 (RLIN) 12166
245 ## - ცნობა სათაურის შესახებ
Title დიპლომატიური მეთოდის ევოლუცია /
Statement of responsibility, etc ჰაროლდ ნიკოლსონი; ინგლისურიდან თარგმნა ირაკლი ჯავახიშვილმა.
264 ## - წარმოების, გამოცემის, დისტრიბუციის და სხვა ცნობები
გამოცემის, წარმოების, დისტრიბუციის... ადგილი თბ.:
გამოცემის, წარმოების, დისტრიბუციის... სახელწოდება სულხან-საბა ორბელიანის უნივერსიტეტის გამომცემლობა,
გამოცემის, წარმოების, დისტრიბუციის... თარიღი 2021.
300 ## - ფიზიკური აღწერა
Extent 87 გვ.,
Other physical details 21 სმ.
653 ## - INDEX TERM--UNCONTROLLED
Uncontrolled term პოლიტიკა
653 ## - INDEX TERM--UNCONTROLLED
Uncontrolled term დიპლომატია საბერძნეთსა და რომში
653 ## - INDEX TERM--UNCONTROLLED
Uncontrolled term იტალიური სისტემა
653 ## - INDEX TERM--UNCONTROLLED
Uncontrolled term ფრანგული სისტემა
700 ## - ADDED ENTRY--PERSONAL NAME
Personal name ჯავახიშვილი, ირაკლი
Relator term რედაქტორი
9 (RLIN) 12167
710 ## - ADDED ENTRY--CORPORATE NAME
Corporate name or jurisdiction name as entry element სულხან-საბა ორბელიანის უნივერსიტეტი
9 (RLIN) 9361
942 ## - ADDED ENTRY ELEMENTS (KOHA)
Source of classification or shelving scheme
Koha item type წიგნი
ეგზემპლარები
ჩამოწერის სტატუსი დაკარგული ეგზემპლარის სტატუსი კლასიფიკაციის წყარო ან თაროზე გაწყობის სქემა დაზიანების სტატუსი არ გაიცემა მუდმივი მდებარეობა (დაცვის ადგილი) ამჟამინდელი ადგილსამყოფელი თაროზე განთავსების ადგილი შეძენის თარიღი ღირებულება, შესყიდვის ნორმალური ფასი სრული შენახვის შიფრი შტრიხკოდი ბოლო ოპერაციის თარიღი ეგზემპლარის მიმდევრობითი ნომერი (კეტერი?) ფასის ძალაში შესვლის თარიღი ეგზემპლარის სახეობა საჯარო შენიშვნა
          ბათუმის შოთა რუსთაველის სახელმწიფო უნივერსიტეტის მთავარი ბიბლიოთეკა ბათუმის შოთა რუსთაველის სახელმწიფო უნივერსიტეტის მთავარი ბიბლიოთეკა წიგნსაცავი 2021-06-30 4.00 327 ნ-64 61430 2021-06-30 61430 2021-06-30 წიგნი 4 ლ.
          ბათუმის შოთა რუსთაველის სახელმწიფო უნივერსიტეტის მთავარი ბიბლიოთეკა ბათუმის შოთა რუსთაველის სახელმწიფო უნივერსიტეტის მთავარი ბიბლიოთეკა წიგნსაცავი 2024-07-17   327 ნ-64 68764 2024-07-17 68764 2024-07-17 წიგნი 29ლ.90თ.